<?xml version="1.0" encoding="UTF-8"?>
<collection xmlns="http://www.loc.gov/MARC21/slim">
 <record>
  <leader>01414nam a2200205Ia 4500</leader>
  <controlfield tag="001">CTU_32149</controlfield>
  <controlfield tag="008">210402s9999    xx            000 0 und d</controlfield>
  <datafield tag="020" ind1=" " ind2=" ">
   <subfield code="b">427.000đ</subfield>
  </datafield>
  <datafield tag="082" ind1=" " ind2=" ">
   <subfield code="a">543.08</subfield>
  </datafield>
  <datafield tag="082" ind1=" " ind2=" ">
   <subfield code="b">S629</subfield>
  </datafield>
  <datafield tag="100" ind1=" " ind2=" ">
   <subfield code="a">Dougls A Skoog</subfield>
  </datafield>
  <datafield tag="245" ind1=" " ind2="0">
   <subfield code="a">Principles of instrumental analysis</subfield>
  </datafield>
  <datafield tag="245" ind1=" " ind2="0">
   <subfield code="c">Dougls A Skoog, F James Holler, Timothy A Nieman</subfield>
  </datafield>
  <datafield tag="260" ind1=" " ind2=" ">
   <subfield code="a">Philadelphia, Pennsylvania</subfield>
  </datafield>
  <datafield tag="260" ind1=" " ind2=" ">
   <subfield code="b">Harcourt Brace College</subfield>
  </datafield>
  <datafield tag="260" ind1=" " ind2=" ">
   <subfield code="c">1998</subfield>
  </datafield>
  <datafield tag="520" ind1=" " ind2=" ">
   <subfield code="a">This book is divided into six major sections. *) Section I presents electronic circuit fundamentals, operational amplifiers, digital electronics and computers, signals, noise, data enhancement techniques, and figures of merit. *) Section II provides various branches atomic spectroscopy, including optical absortion, optical emission, and optical fluorescence spectrometry, atomic mass spectrometry, and atomic X-ray spectrometry. *) Section III treats molecular spectroscopy. *) Section IV discusses electroanalytical chemistry techniques including potentiometry, coulometry, and voltammetry. *) Section V presnets various types of chromatography and electrophoresis. *) Section VI discusses miscellaneous instrumental approaches to the solution of analytical problems including thermal, radiochemical, and automated methods</subfield>
  </datafield>
  <datafield tag="650" ind1=" " ind2=" ">
   <subfield code="a">instrumental analysis</subfield>
  </datafield>
  <datafield tag="904" ind1=" " ind2=" ">
   <subfield code="i">Minh, 990722</subfield>
  </datafield>
  <datafield tag="980" ind1=" " ind2=" ">
   <subfield code="a">Trung tâm Học liệu Trường Đại học Cần Thơ</subfield>
  </datafield>
 </record>
</collection>
